| Tag |
First Indicator |
Second Indicator |
Subfields |
| LEADER |
00000cam a2200000 a 4500 |
| 001 |
in00000076762 |
| 005 |
20151008053752.0 |
| 008 |
780728s1977 nmua b 00010 eng d |
| 035 |
|
|
|a (OCoLC)04091399
|
| 035 |
|
|
|9 AAH8584AM
|
| 040 |
|
|
|a IQU
|c IQU
|d OCL
|d m.c.
|d TXA
|d UtOrBLW
|
| 049 |
|
|
|a TXAM
|c [1500085]
|
| 090 |
|
|
|a TK7874
|b .I44 1977
|
| 111 |
2 |
|
|a IEEE (G-PHP)/ISHM University/Industry/Government Microelectronics Symposium
|n (2nd :
|d 1977 :
|c Albuquerque, N.M.)
|
| 245 |
1 |
4 |
|a The 2nd IEEE (G-PHP)/ISHM university/industry/government microelectronics symposium :
|b the University of New Mexico, Albuquerque, New Mexico, January 3,4,5, 1977.
|
| 264 |
|
1 |
|a Albuquerque :
|b Bureau of Engineering Research, College of Engineering, University of New Mexico,
|c [1977?]
|
| 300 |
|
|
|a 1 volume (various pagings) :
|b illustrations ;
|c 28 cm.
|
| 336 |
|
|
|a text
|b txt
|2 rdacontent
|
| 337 |
|
|
|a unmediated
|b n
|2 rdamedia
|
| 338 |
|
|
|a volume
|b nc
|2 rdacarrier
|
| 504 |
|
|
|a Includes bibliographies.
|
| 650 |
|
0 |
|a Microelectronics
|v Congresses.
|
| 710 |
2 |
|
|a University of New Mexico.
|b Bureau of Engineering Research.
|
| 710 |
2 |
|
|a Institute of Electrical and Electronics Engineers.
|
| 710 |
2 |
|
|a International Society for Hybrid Microelectronics.
|
| 740 |
0 |
|
|a Microelectronics symposium.
|
| 999 |
|
|
|a MARS
|
| 999 |
f |
f |
|s 82b17fcd-67a2-36f5-bc9c-7b089e6575de
|i 5aeba184-983a-3d23-a4ba-c958677c423b
|t 0
|
| 952 |
f |
f |
|p ric
|a Texas A&M University
|b Rellis Campus
|c Joint Library Facility
|d Remote Storage
|t 0
|e TK7874 .I44 1977
|h Library of Congress classification
|i unmediated -- volume
|m A14806252296
|
| 998 |
f |
f |
|a TK7874 .I44 1977
|t 0
|l Remote Storage
|